les pokemons des champions d'arène de run&bun - Statistiques

Statistiques générales
  • Ce quiz a été pris 9 fois
  • Le résultat moyen est 14 sur 50
Statistiques - réponses
Hint Réponse % Correct
a magnezone
63%
a seleroc
63%
a galifeu
50%
a méga-altaria
50%
a méga-pharamp
50%
a solaroc
50%
a Wushours
50%
a azumarill
38%
a baggiguane
38%
a hoopa
38%
a latias
38%
a meloetta
38%
a tetarte
38%
a zeraora
38%
a zygarde
38%
a bamboiselle
25%
a brutalibré
25%
a dragmara
25%
a entei
25%
a excavarenne
25%
a felinferno
25%
a flambusard
25%
a kapoera
25%
a lanturn
25%
a lockpin
25%
a malamandre
25%
a méga-latios
25%
a méga-metalosse
25%
a megapagos
25%
a méga-roucarnage
25%
a motisma
25%
a ohmassacre
25%
a pashmilla
25%
a porygon2
25%
a scalproie
25%
a shaymin-celeste
25%
a blizzeval
13%
a crefadet
13%
a drattak
13%
a etouraptor
13%
a farfurex
13%
a hoopa-déchainé
13%
a keldeo
13%
a méga-dracaufeu
13%
a méga-oniglali
13%
a ossatueur-alola
13%
a paragruel
13%
a pyrax
13%
a toko piyon
13%
a zoroark
13%
Aucun quiz correspondant
Distribution des résultats
% des personnes avec chaque résultat
Percentile par nombre de réponses
Votre historique - résultats
Vous n’avez pas pris ce quiz